000 00496nam a2200193Ia 4500
005 20250423095911.0
008 250422s9999 xx 000 0 und d
020 _a9780071824989
050 _aQR 46 .C37/
100 _aCarroll, Karen C...[et al].
245 0 _aJawetz, Melnick & Adelberg’s medical microbiology
250 _a27th ed.
260 _aNew York
260 _bMcGraw-Hill Education
260 _c2016
300 _a851 p
650 _aMedical microbiology.
942 _cBK
999 _c31673
_d31673